| 000 | 01574nam a2200253 a 4500 | ||
|---|---|---|---|
| 001 | 82967 | ||
| 003 | BD-RjUL | ||
| 005 | 20240206100144.0 | ||
| 008 | 240206s2021 bg a|||| m||| 00| 0 ben d | ||
| 035 | _a(BD-RjUL)82967 | ||
| 040 |
_aBD-RjUL _bben/eng _cBD-RjUL _dBD-RjUL |
||
| 041 | _aben | ||
| 082 |
_223 _a891.2 _bMAS 2021 |
||
| 100 |
_aমজুমদার, শ্রাবন্তী _911480 |
||
| 245 | 1 | 0 |
_aসংস্কৃত সাহিত্যে নীতিকথা ও বর্তমান প্রাসঙ্গিকতা / _cশ্রাবন্তী মজুমদার _6গবেষণা তত্ত্বাবধায়ক : নিখিল রঞ্জন বিশ্বাস |
| 260 |
_aরাজশাহী : _bইনস্টিটিউট অব বাংলাদেশ স্টাডিজ,রাজশাহী বিশ্ববিদ্যালয় _c২০২১ |
||
| 300 |
_a[২], xi, ১২৮ পাতা : _bচিত্র.; _c২৯ সেমি. |
||
| 502 | _aথিসিস(এম.ফিল.)-- ইনস্টিটিউট অব বাংলাদেশ স্টাডিজ,রাজশাহী বিশ্ববিদ্যালয়,২০২১ | ||
| 504 | _aগ্রন্থপঞ্জি : পাতা ১১৯-১২২ | ||
| 650 |
_aসংস্কৃত সাহিত্য _9523 |
||
| 650 |
_aSanskrit literature _9524 |
||
| 700 |
_aবিশ্বাস, নিখিল রঞ্জন, গবেষণা তত্ত্বাবধায়ক _911481 |
||
| 942 |
_2ddc _cTHE |
||
| 999 |
_c82967 _d82967 |
||